Estates Planning and Administration / (Record no. 335)

MARC details
000 -LEADER
fixed length control field 00545nam a22001817a 4500
005 - DATE AND TIME OF INPUT
control field 20231106144957.0
008 - DATA ELEMENTS--GENERAL INFORMATION
fixed length control field 231106b |||||||| |||| 00| 0 eng d
020 ## - INTERNATIONAL STANDARD BOOK NUMBER
International Standard Book Number 0958318425
041 ## - LANGUAGE CODE
Language code of text English
082 ## - SHELF NUMBER
DDC number 346.5 EST
100 ## - MAIN AUTHOR
Main author's name Abrie, W et al.
Language of a work English
245 ## - TITLE STATEMENT
Title Estates Planning and Administration /
Statement of responsibility, etc. W Abrie et al.
250 ## - EDITION STATEMENT
Edition statement Second Edition
260 ## - PUBLICATION, DISTRIBUTION, ETC.
Place of publication, distribution, etc. Lynnwoodridge :
Name of publisher, distributor, etc. ProPlus Publishers,
Date of publication, distribution, etc. 1991
300 ## - PHYSICAL DESCRIPTION
Other physical details 473 pages ;
Dimensions 23 cm.
650 ## - SUBJECT`
Broad subject Legal practice
Own subject terms Law
942 ## - ADDED ENTRY ELEMENTS (KOHA)
Item type Books
942 ## - ADDED ENTRY ELEMENTS (KOHA)
-- ALISON_BN_VRIES
Holdings
Source of classification or shelving scheme Not for loan Collection code Home library Current library Shelving location Date acquired Full call number Barcode Price effective from Koha item type
Dewey Decimal Classification   TEXT BOOKS LAW SOCIETY OF NAMIBIA LIBRARY - WINDHOEK LAW SOCIETY OF NAMIBIA LIBRARY - WINDHOEK Administration and estates, wills 11/06/2023 346.5 EST LSN/1994/34 11/06/2023 Books